Los campeones de tenis en acción / (Record no. 148230)

MARC details
000 -LEADER
campo de control de longitud fija 00748nam a2200241 i 4500
001 - NÚMERO DE CONTROL
campo de control 148230
003 - IDENTIFICADOR DE NÚMERO DE CONTROL
campo de control ES-MaACL
005 - FECHA Y HORA DE LA ÚLTIMA TRANSACCIÓN
campo de control 20230906202515.0
007 - CAMPO FIJO DE DESCRIPCIÓN FÍSICA--INFORMACIÓN GENERAL
campo de control de longitud fija t|
008 - DATOS DE LONGITUD FIJA--INFORMACIÓN GENERAL
campo de control de longitud fija 070214s1954 sp a |||| |dspa d
080 ## - NÚMERO DE LA CLASIFICACIÓN DECIMAL UNIVERSAL
Número de la Clasificación Decimal Universal 796.34
100 1# - ENTRADA PRINCIPAL--NOMBRE DE PERSONA
Nombre de persona Stanley, Louis T.
9 (RLIN) 107906
245 14 - MENCIÓN DEL TÍTULO
Título Los campeones de tenis en acción /
Mención de responsabilidad, etc. Louis T. Stanley ; con un estudio sobre los campeones españoles por Jaime Bartroli ; traducción de J. M. Soler.
260 ## - PUBLICACIÓN, DISTRIBUCIÓN, ETC.
Lugar de publicación, distribución, etc. Barcelona :
Nombre del editor, distribuidor, etc. Hispano-Europea,
Fecha de publicación, distribución, etc. 1954.
300 ## - DESCRIPCIÓN FÍSICA
Extensión 263 p. :
Otras características físicas il ;
Dimensiones 21 cm.
490 1# - MENCIÓN DE SERIE
Mención de serie Herakles
650 #4 - PUNTO DE ACCESO ADICIONAL DE MATERIA--TÉRMINO DE MATERIA
Término de materia o nombre geográfico como elemento de entrada Tenis.
9 (RLIN) 162440
700 1# - ENTRADA AGREGADA--NOMBRE PERSONAL
Nombre de persona Bartroli, Jaime.
9 (RLIN) 26196
700 1# - ENTRADA AGREGADA--NOMBRE PERSONAL
Nombre de persona Soler, J. M.
9 (RLIN) 107146
830 0# - PUNTO DE ACCESO ADICIONAL DE SERIE-TÍTULO UNIFORME
Título uniforme Herakles
9 (RLIN) 180867
852 ## - LOCALIZACIÓN
Ubicación ES-MaACL
Número de control de estantería C-9646
Holdings
Estatus retirado Estado de pérdida Estado de daño No para préstamo Biblioteca de origen Biblioteca actual Ubicación en estantería Fecha de adquisición Fuente de adquisición Total de préstamos Signatura topográfica completa Código de barras Visto por última vez Precio de reemplazo Tipo de ítem Koha
        Biblioteca del Ateneo de Madrid Biblioteca del Ateneo de Madrid Sala Palomar 17/01/2008     C-9646 1154692 23/02/2023 23/02/2023 Libro impreso